|
|
|
|
| LEADER |
00000naa a2200000uu 4500 |
| 001 |
vtls010933112 |
| 003 |
SK-MaSNL |
| 005 |
20260302122527.0 |
| 008 |
210824|2000 xo |||||||||||||||||eng| |
| 015 |
|
|
|a SNBRA
|
| 035 |
|
|
|a (urnnbn)urn:nbn:sk:snk:ar-a0b5hw
|
| 035 |
|
|
|a (uuid)01bbf54f-6b78-431c-b141-7706ace07570
|
| 035 |
|
|
|a urn:nbn:sk:snk-aatxx8
|
| 040 |
|
|
|a SNKBUCL
|b slo
|c SNKBUCL
|e AACR2
|
| 041 |
0 |
|
|a eng
|
| 044 |
|
|
|a xo
|c SK
|
| 100 |
1 |
|
|a Rączka, Waldemar
|4 aut
|9 782396
|
| 245 |
1 |
0 |
|a HYDROSTATIC TRANSSMISION ADAPTIVE CONTROLLER
|c Waldemar Rączka
|
| 773 |
0 |
|
|t ICCC'2000
|d Košice : Technical University, 2000, 2000
|g S. 499-502
|z 8070995106
|
| 958 |
|
|
|a OND
|
| 958 |
|
|
|a article11
|
| 958 |
|
|
|a chapter
|
| 999 |
|
|
|c 1278430
|d 1280360
|